000
00240nam a2200097Ia 4500
008
190216s9999||||xx |||||||||||||| ||und||
100
_a
Dr.Syam Sundar Ghosh
245
0
_a
Hindi-Bachanka Parivarth Kavya
260
_b
Raj Pal&Sons
942
_c
BK
999
_c
17135
_d
17135